|
ห้องสมุด วิทยาลัยพยาบาลบรมราชชนนี อุดรธานี
Boromarajonani College of Nursing, Udonthani
|


|
mysqli: Table './ulib2015/stat_globaluid' is marked as crashed and last (automatic?) repair failed
select id from stat_globaluid where statuid='20260417213721_953'
mysqli: Table './ulib2015/stat_globaluid' is marked as crashed and last (automatic?) repair failed
DELETE FROM stat_globaluid
WHERE id NOT IN (
SELECT id
FROM (
SELECT id
FROM stat_globaluid
ORDER BY id DESC
LIMIT 100
) foo
);
mysqli: Table './ulib2015/stat_globaluid' is marked as crashed and last (automatic?) repair failed
insert into stat_globaluid set
statuid='20260417213721_953',
dt='1776436641',
phpself='/ULIB/dublinfull.php',
agent='Mozilla/5.0 AppleWebKit/537.36 (KHTML, like Gecko; compatible; ClaudeBot/1.0; +claudebot@anthropic.com)',
yea='2026',
mon='4',
dat='17',
ip='216.73.216.55'
| LEADER 00674nam 2200229 a 4500 |
| 001 11652 |
| 003 ULIBM |
| 008 110711s2527 th m a001 0 tha d |
| 050 4 ^aWA^bจ173ด 2527
|
| 245 10 ^aดร.อี.ซี.คอร์ทหมอเทวดาของคนไทย/^cจินดา สิงหเนตร
|
| 250 ^aพิมพ์ครั้งที่ 1.
|
| 260 ^aกรุงเทพฯ:^bไท.แพน.มีเดีย,^c2527
|
| 300 ^a 137 หน้า.
|
| 650 7 ^aหมอเทวดาของคนไทย
|
| 945 ^p0^l0^i17080 |
| 999 ^aลิขิตลักษณ์
|
| คุณยังไม่ได้ล็อกอิน คุณสามารถมีกิจกรรมร่วมกับเว็บไซต์ได้ แต่ต้องล็อกอินก่อน :: |
|
| ลำดับที่ |
ประเภท |
เลขเรียก/บาร์โค้ด |
สถานที่ |
สถานะ |
| 1. |
 หนังสือการพยาบาล | WA จ173ด 2527 Barcode: 17080 | หนังสือทั่วไป | On Shelf |
| [แสดง 1/1 รายการ] |
mysqli: Can't create/write to file '/var/tmp/#sql_59d_1.MAI' (Errcode: 2)
select * from index_db where titl like '%ดร.อี.ซี.คอร์ทหมอเทวดาของคนไทย/ จินดา สิงหเนตร%' and mid<>'11652' order by rand() limit 3
mysqli: Can't create/write to file '/var/tmp/#sql_59d_1.MAI' (Errcode: 2)
select * from index_db where subj like '%หมอเทวดาของคนไทย%' and mid<>'11652' order by rand() limit 3
|
ยังไม่เคยถูกคอมเมนท์
|
| คอมเมนท์ทรัพยากรรายการนี้ |
|